Countries Closest to Honduras - Sudden Death - Statistics

General Stats
  • This quiz has been taken 24 times
  • The average score is 9 of 15
Answers on the Grid
Answers color-coded by a green-red scale on the quiz's grid according to % correct below.
Guatemala
Nicaragua
El Salvador
Belize
Mexico
Costa Rica
Panama
Jamaica
Cuba
Colombia
United States
Haiti
Bahamas
Venezuela
Dominican Republic
Canada
Peru
Brazil
Guyana
Bolivia
Argentina
Chile
Suriname
Saint Kitts and Nevis
Saint Vincent and the Grenadines
Dominica
New Zealand
Australia
Tonga
Vanuatu
 
Answer Stats
Answer % Correct
Belize
80%
El Salvador
80%
Mexico
70%
Nicaragua
70%
Panama
70%
Costa Rica
60%
Guatemala
60%
Haiti
60%
United States
60%
Colombia
50%
Cuba
50%
Dominican Republic
50%
Bahamas
40%
Jamaica
40%
Venezuela
40%
No matching quizzes found
Score Distribution
Percent of People with Each Score
Percentile by Number Answered
Your Score History
You have not taken this quiz